[Event "Roncana op-C 10th"]
[Site "Santa Eulalia de Roncana"]
[Date "2016.10.22"]
[Round "5"]
[White "Company Fernandez, Miquel"]
[Black "Ruiz Planas, Bernat"]
[Result "1-0"]
[WhiteElo "1710"]
[BlackElo "1455"]
[PlyCount "53"]
[EventDate "2016.09.24"]
[EventType "swiss"]
[EventRounds "8"]
[EventCountry "ESP"]
[SourceTitle "EXT 2022"]
[Source "ChessBase"]
[SourceDate "2021.10.06"]
[SourceVersion "1"]
[SourceVersionDate "2021.10.06"]
[SourceQuality "1"]

1. e4 e5 2. Nf3 Nc6 3. Bc4 Nf6 4. d3 Bc5 5. 0-0 0-0 6. c3 b6 7. Bg5 h6 8. Bh4 Bb7 9. Nbd2 Qe7 10. Qc2 Rad8 11. b4 Bd6 12. Rfe1 Rfe8 13. Bb3 a6 14. a4 Na7 15. h3 c6 16. Qa2 Bc7 17. d4 d6 18. Rad1 Rd7 19. Nc4 Kf8 20. dxe5 dxe5 21. Rxd7 Qxd7 22. Rd1 Qe7 23. Bxf6 Qxf6 24. Rd7 Rc8 25. Ncxe5 Ke8 26. Bxf7+ Qxf7 27. Qxf7# 1-0

[Event "Roncana op-C 10th"]
[Site "Santa Eulalia de Roncana"]
[Date "2016.10.01"]
[Round "2"]
[White "Ruiz Planas, Bernat"]
[Black "Munoz Coar, Marti"]
[Result "1-0"]
[WhiteElo "1455"]
[BlackElo "1304"]
[PlyCount "139"]
[EventDate "2016.09.24"]
[EventType "swiss"]
[EventRounds "8"]
[EventCountry "ESP"]
[SourceTitle "EXT 2018"]
[Source "ChessBase"]
[SourceDate "2017.10.13"]
[SourceVersion "1"]
[SourceVersionDate "2017.10.13"]
[SourceQuality "1"]

1. e4 Nc6 2. Nc3 e6 3. d3 g6 4. f4 e5 5. Nh3 Bg7 6. Be3 Nf6 7. g3 0-0 8. Bg2 d6 9. Qe2 Bg4 10. Qd2 exf4 11. Nxf4 Nh5 12. Nxh5 Bxh5 13. h3 Nd4 14. g4 Nf3+ 15. Bxf3 Qf6 16. 0-0 Qh4 17. Bf2 Qxh3 18. gxh5 Be5 19. Rfd1 Qh2+ 20. Kf1 Qh3+ 21. Ke2 f5 22. exf5 Rxf5 23. Bxb7 Rb8 24. Bd5+ Kg7 25. h6+ Kf6 26. Rh1 Qg4+ 27. Ke1 Bf4 28. Qe2 Re8 29. Ne4+ Ke5 30. Kd1 Qxe2+ 31. Kxe2 Kxd5 32. c4+ Kc6 33. b4 d5 34. b5+ Kd7 35. Bxa7 Ra8 36. Be3 dxe4 37. Rhf1 exd3+ 38. Kxd3 Re8 39. Bxf4 Rh5 40. a4 Rh3+ 41. Kd4 Re6 42. a5 Rf6 43. a6 Rf8 44. a7 Ra8 45. c5 c6 46. b6 Kc8 47. Rfb1 Rh4 48. Ke4 Kb7 49. Rf1 Rh5 50. Rh1 Rxc5 51. Be3 Rc4+ 52. Ke5 Rc3 53. Bd4 Rd3 54. Rad1 Re8+ 55. Kd6 Rd8+ 56. Kc5 Ra3 57. Ra1 Rf3 58. Ra2 Rf5+ 59. Kc4 Rf4 60. Rha1 Rdxd4+ 61. Kc3 Rc4+ 62. Kb2 Rb4+ 63. Kc1 Rf1+ 64. Kd2 Rf3 65. a8Q+ Kxb6 66. Qa5+ Kb7 67. Qxb4+ Kc7 68. Qe7+ Kb6 69. Rc2 Rf2+ 70. Kc3 1-0

[Event "Roncana op-C 9th"]
[Site "Santa Eulalia de Roncana"]
[Date "2015.11.07"]
[Round "5"]
[White "Ruiz Planas, Bernat"]
[Black "Katz Garcia, Werner"]
[Result "1-0"]
[WhiteElo "1377"]
[BlackElo "1672"]
[PlyCount "67"]
[EventDate "2015.10.03"]
[EventType "swiss"]
[EventRounds "8"]
[EventCountry "ESP"]
[SourceTitle "EXT 2017"]
[Source "ChessBase"]
[SourceDate "2016.10.25"]
[SourceVersion "1"]
[SourceVersionDate "2016.10.25"]
[SourceQuality "1"]

1. e4 e5 2. Nf3 Nc6 3. Bc4 f6 4. Nc3 Nge7 5. d3 Ng6 6. 0-0 Bc5 7. Be3 Bxe3 8. fxe3 d6 9. Qd2 Bg4 10. Rae1 f5 11. exf5 Bxf5 12. e4 Bh3 13. gxh3 Nf4 14. Ng5 Qxg5+ 15. Kh1 0-0-0 16. Rg1 Qh5 17. Qe3 Nxh3 18. Be6+ Kb8 19. Bxh3 Ne7 20. Rxg7 Rdg8 21. Rxg8+ Rxg8 22. Rg1 Ng6 23. Bf5 Re8 24. Bxg6 hxg6 25. Qg3 Rh8 26. Kg2 Qh7 27. Kf1 Qxh2 28. Qxg6 Qh3+ 29. Qg2 Qf5+ 30. exf5 c6 31. Qg7 Rd8 32. Qe7 Kc8 33. Rg7 Kb8 34. Qxb7# 1-0

[Event "Roncana op-C 9th"]
[Site "Santa Eulalia de Roncana"]
[Date "2015.10.24"]
[Round "3"]
[White "Vallejo Ferreira, Enric"]
[Black "Ruiz Planas, Bernat"]
[Result "1-0"]
[WhiteElo "1697"]
[BlackElo "1377"]
[PlyCount "62"]
[EventDate "2015.10.03"]
[EventType "swiss"]
[EventRounds "8"]
[EventCountry "ESP"]
[SourceTitle "EXT 2017"]
[Source "ChessBase"]
[SourceDate "2016.10.25"]
[SourceVersion "1"]
[SourceVersionDate "2016.10.25"]
[SourceQuality "1"]

1. e4 e5 2. Qh5 g6 3. Qxe5+ Be7 4. Qxh8 Bf6 5. Qxg8+ Ke7 6. Qxh7 Qh8 7. Qxh8 Bxh8 8. Bc4 Nc6 9. Nf3 d6 10. 0-0 Be6 11. Bd5 Nb4 12. d3 Bxd5 13. exd5 Nxd5 14. Nc3 Nf4 15. Nb5 c6 16. d4 Ne6 17. Re1 c5 18. d5 Bd4 19. dxe6 fxe6 20. Bg5+ Kf7 21. Nxd6+ Kf8 22. Rxe6 Kg8 23. Rxg6+ Kh7 24. Re6 Rf8 25. Re7+ Kg6 26. Ne4 Bxb2 27. Re6+ Kg7 28. Bh6+ Kg8 29. Bxf8 Bxa1 30. Re8 Kh8 31. Bh6+ Kh7 1-0